Účtovná závierka 1998 v jednoduchom účtovníctve
Povinnosť podnikateľov - fyzických osôb pred uzatvorením účtovných kníh a pred vyhotovením účtovnej závierky v jednoduchom účtovníctve. Inventarizácia. Zúčtovanie inventarizačných rozdielov v jednoduchom účtovníctve. Uzávierkové účtovné operácie v jednoduchom účtovníctve.
Guardado en:
| Autor principal: | |
|---|---|
| Formato: | Capítulo de libro |
| Lenguaje: | eslovaco |
| Materias: | |
| Etiquetas: |
Sin Etiquetas, Sea el primero en etiquetar este registro!
|
MARC
| LEADER | 00000naa a2200000 4500 | ||
|---|---|---|---|
| 001 | r034497 | ||
| 005 | 20231002071508.3 | ||
| 041 | 0 | |a slo | |
| 044 | |a SK | ||
| 245 | 1 | 0 | |a Účtovná závierka 1998 v jednoduchom účtovníctve |c Jozef Vanko |
| 520 | |a Povinnosť podnikateľov - fyzických osôb pred uzatvorením účtovných kníh a pred vyhotovením účtovnej závierky v jednoduchom účtovníctve. Inventarizácia. Zúčtovanie inventarizačných rozdielov v jednoduchom účtovníctve. Uzávierkové účtovné operácie v jednoduchom účtovníctve. | ||
| 610 | 2 | 0 | |a účtovníctvo jednoduché |
| 610 | 2 | 0 | |a závierka účtovná |
| 610 | 2 | 0 | |a knihy účtovné |
| 610 | 2 | 0 | |a inventarizácia |
| 610 | 2 | 0 | |a rozdiely inventarizačné |
| 610 | 2 | 0 | |a zákony |
| 610 | 2 | 0 | |a odpisy účtovné |
| 610 | 2 | 0 | |a položky opravné |
| 610 | 2 | 0 | |a príjmy |
| 610 | 2 | 0 | |a výdavky |
| 610 | 2 | 0 | |a pohľadávky |
| 610 | 2 | 0 | |a záväzky |
| 610 | 2 | 0 | |a operácie účtovné |
| 610 | 2 | 0 | |a denníky účtovné |
| 610 | 2 | 0 | |a Slovensko |
| 610 | 2 | 0 | |a 1998 |
| 100 | 1 | |a Vanko, Jozef | |